00487nam a22001457a 4500003000500000005001700005008004100022020001800063050003100081082002700112245007200139260006200211300004800273500002000321PILC20150112093425.0130219t xxu||||| |||| 00| 0 eng d a9780131434943 aHF 5548.4.M525b.G774 2004 aCSFr 005.46 bG77 2004 aMicrosoft Office Word 2003. BriefcRobert T. Grauer, Maryann Barber aUpper Saddle River, N.J. bPearson / Prentice Hallc2004. a545 pages :bcolored illustration ;c28 cm. aIncludes index.